|
|
|
|
| LEADER |
00000cam a2200000 7i4500 |
| 001 |
0000004034 |
| 005 |
20150108.0 |
| 020 |
0 |
0 |
|a 9789674121655
|
| 090 |
0 |
0 |
|a 338.927
|b SUST 2013
|
| 245 |
1 |
0 |
|a Facts of sustainable
|c edited by Abdul Saman Hadi..[et.all]..
|
| 260 |
0 |
0 |
|a Bangi, Selangor :
|b Gempita Maju ,
|c 2013.
|
| 300 |
|
|
|a 247 p. :
|b ill. ;
|c 23cm.
|
| 550 |
|
|
|a Includes references and indexs
|
| 650 |
0 |
0 |
|a Sustainable
|
| 650 |
0 |
0 |
|a Sustainable development
|
| 700 |
0 |
1 |
|a A.Aldrie Amir
|
| 700 |
0 |
1 |
|a Abdul Saman Hadi
|
| 700 |
0 |
1 |
|a Adnan Hezri
|
| 700 |
0 |
1 |
|a Sarah Ali
|
| 710 |
1 |
1 |
|a Institut Alam Alam Sekitar dan Pembangunan (LESTARI)
|
| 998 |
|
|
|a JPSM
|
| 999 |
|
|
|a 007851
|b Monograph
|c Open Shelf
|e Default branch
|